Top 15 chess players by Elo ranking - Statistics

General Stats
  • This quiz has been taken 37 times
  • The average score is 8 of 15
Answer Stats
Rating Country Answer % Correct
2859 Norway Magnus Carlsen
100%
2811 China Liren Ding
79%
2766 United States Fabiano Caruana
76%
2768 United States Hikaru Nakamura
76%
2754 India Viswanathan Anand
71%
2785 France Alireza Firouzja
56%
2764 Netherlands Anish Giri
56%
2760 United States Wesley So
56%
2793 Russia Ian Nepomniachtchi
44%
2745 Russia Alexander Grischuk
41%
2741 Azerbeijan Shakhriyar Mamedyarov
41%
2740 Romania Richard Rapport
38%
2747 Russia Sergey Karjakin
26%
2747 Azerbeijan Teimour Radjabov
24%
2743 United States Leinier Dominguez Perez
21%
No matching quizzes found
Score Distribution
Percent of People with Each Score
Percentile by Number Answered
Your Score History
You have not taken this quiz